Memoria. (Record no. 38012)

MARC details
000 -LEADER
campo de control de longitud fija 00532nam a2200169 i 4500
001 - NÚMERO DE CONTROL
campo de control 38012
003 - IDENTIFICADOR DE NÚMERO DE CONTROL
campo de control ES-MaACL
005 - FECHA Y HORA DE LA ÚLTIMA TRANSACCIÓN
campo de control 20230906155700.0
007 - CAMPO FIJO DE DESCRIPCIÓN FÍSICA--INFORMACIÓN GENERAL
campo de control de longitud fija t|
008 - DATOS DE LONGITUD FIJA--INFORMACIÓN GENERAL
campo de control de longitud fija 030224s1971 sp ||||1| spa d
110 2# - ENTRADA PRINCIPAL--NOMBRE DE ENTIDAD CORPORATIVA
Nombre de entidad corporativa o nombre de jurisdicción como elemento de entrada Caja de Ahorros Provincial de Guipúzcoa.
9 (RLIN) 2306
245 10 - MENCIÓN DEL TÍTULO
Título Memoria.
260 ## - PUBLICACIÓN, DISTRIBUCIÓN, ETC.
Lugar de publicación, distribución, etc. [S.l. :
Nombre del editor, distribuidor, etc. s.n.,
Fecha de publicación, distribución, etc. 1971] (
Lugar de fabricación/manufactura Surbil (Guipuzcoa) :
Fabricante Imp. Santiago Valverde)
300 ## - DESCRIPCIÓN FÍSICA
Extensión 59 p. :
Otras características físicas il. ;
Dimensiones 27 cm.
610 24 - PUNTO DE ACCESO ADICIONAL DE MATERIA--NOMBRE DE ENTIDAD CORPORATIVA
Nombre de entidad corporativa o nombre de jurisdicción como elemento de entrada Caja de Ahorros Provincial de Guipúzcoa-
Subdivisión de forma Memorias.
9 (RLIN) 170449
852 ## - LOCALIZACIÓN
Ubicación ES-MaACL
Número de control de estantería C-41848
Sublocalización o colección R.78537
Holdings
Estatus retirado Estado de pérdida Estado de daño No para préstamo Biblioteca de origen Biblioteca actual Ubicación en estantería Fecha de adquisición Fuente de adquisición Total de préstamos Signatura topográfica completa Código de barras Visto por última vez Precio de reemplazo Tipo de ítem Koha
        Biblioteca del Ateneo de Madrid Biblioteca del Ateneo de Madrid Depósito 2 17/01/2008     C-41848 1040022 23/02/2023 23/02/2023 Libro impreso